Comercio informal callejero un insumo para polt̕icas pb︢licas /

Bibliographic Details
Main Author: Garca̕ Cediel, Gustavo
Other Authors: Olarte Dueąs, Maryi Yurany, Bermd︢ez Gonzl̀ez, Yoana Patricia, Delgado Jaimes, Pedro Fernando, Montealegre Bustos, Felipe, Rojas Sanguino, Heriberto
Format: eBook
Language:Spanish
Published: Bogot:̀ Universidad Cooperativa de Colombia, 2020
Subjects:
Online Access:Acceso restringido

MARC

LEADER 00000nam a22000007a 4500
005 20210111233937.0
007 cr|||| ||||
008 210111s2020 co |||||s|||| 00||0 spa d
020 |a 978-958-760-259-3 
035 |a 32546 
040 |a vLex 
090 |c 11078  |d 11078 
100 1 |a Garca̕ Cediel, Gustavo 
245 1 0 |a Comercio informal callejero  |h [Recurso electrn̤ico] :  |b un insumo para polt̕icas pb︢licas /  |c Gustavo Garca̕ Cediel, Maryi Yurany Olarte Dueąs, Yoana Patricia Bermd︢ez Gonzl̀ez, Pedro Fernando Delgado Jaimes, Felipe Montealegre Bustos, Heriberto Rojas Sanguino 
256 |a Servicio en ln̕ea 
260 |a Bogot:̀  |b Universidad Cooperativa de Colombia,  |c 2020 
300 |a 1 recurso electrn̤ico 
500 |a Esta publicacin̤ analiza los cambios presentados en la economa̕ informal reflejada en el comercio callejero que se desarrolla en el municipio de Bucaramanga. Este tipo de comercio ha sido contemplado como una problemt̀ica socioeconm̤ica y espacial en los diferentes planes de gobierno, los cuales, entre otros aspectos, han establecido polt̕icas y esfuerzos para mejorar las condiciones de calidad de vida de vendedores ambulantes y la recuperacin̤ del espacio pb︢lico. Puntualmente, este libro revisa las caracters̕ticas sociodemogrf̀icas de los comerciantes callejeros, sus lugares de concentracin̤ y las polt̕icas realizadas por el Estado en beneficio de la ciudad, para finalmente proyectar lineamientos de polt̕icas pb︢licas que a este respecto debera̕n desarrollarse en la ciudad. palabras clave: comercio callejero, comercio informal, espacio pb︢lico, polt̕icas pb︢licas, vendedores ambulantes. 
506 1 |a Disponible solo en los productos indicados  |d vLex Global  |d vLex Global (Academic Edition, excluding Law Schools)  |d vLex Global (U.S. Academic Edition, Law Schools)  |d vLex Global (U.S. Academic Edition, excluding Law Schools)  |d vLex Global (Academic Edition, Law Schools) 
650 0 4 |a Economa̕ y negocios  |z Colombia 
650 0 4 |a Comercio  |z Colombia 
700 1 |a Olarte Dueąs, Maryi Yurany 
700 1 |a Bermd︢ez Gonzl̀ez, Yoana Patricia 
700 1 |a Delgado Jaimes, Pedro Fernando 
700 1 |a Montealegre Bustos, Felipe 
700 1 |a Rojas Sanguino, Heriberto 
740 0 |a vLex Libros (Servicio en ln̕ea) 
856 4 0 |u http://vlex.com/source/comercio-informal-callejero-un-insumo-para-politicas-publicas-32546  |z Acceso restringido 
942 |c BOOK 
999 0 |a Economy and business 
999 0 |a Trade